|
|
|
|
| LEADER |
00784nab a2200217 i 4500 |
| 001 |
misc62061 |
| 005 |
20230629130247.0 |
| 008 |
230524s1966 hu o 0|| ger d |
| 040 |
|
|
|a SZTE Miscellanea Repozitórium
|b hun
|
| 041 |
|
|
|a ger
|
| 041 |
|
|
|a tut
|
| 100 |
1 |
|
|a Räsänen Martti
|
| 245 |
1 |
0 |
|a Versuch eines etymologischen Wörterbuchs der Türksprachen
|h [elektronikus dokumentum] :
|b Probeartikel /
|c Räsänen Martti
|
| 260 |
|
|
|a Suomalais-Ugrilainen Seura
|b Helsinki
|c 1966
|
| 300 |
|
|
|a 3 p.
|c 26 cm
|
| 561 |
|
|
|a Németh Gyula hagyaték
|
| 591 |
|
|
|a LOA 3082; NOA 4791
|
| 650 |
|
4 |
|a Bölcsészettudományok
|
| 650 |
|
4 |
|a Nyelvek és irodalom
|
| 695 |
|
|
|a Török nyelv - etimológia - szótár
|
| 856 |
4 |
0 |
|u http://misc.bibl.u-szeged.hu/62061/1/4791_noa.pdf
|z Dokumentum-elérés
|